| 000 | 00554nam a2200193 a 4500 | ||
|---|---|---|---|
| 001 | BRCA_6694 | ||
| 005 | 20190320205545.0 | ||
| 008 | 171011s1912----gw-#######---#000-0#ger-# | ||
| 041 | _ager | ||
| 044 | _agw | ||
| 050 | 4 |
_aBX6955 _b.T93 |
|
| 100 | 1 |
_aDumas, Alejandro _d1802-1870 _qDumas, Alexandre _914449 |
|
| 245 | 1 | 0 |
_aZwanzig Jahre später _bfortsetzung von die drei Musketiere _cvon Alexander Dumas; deutsch von H. Conrad. |
| 260 |
_aLeipzig _bPhilipp Reclam _c[1912] |
||
| 300 |
_a2 v. _c14 cm. |
||
| 500 | _aL31 | ||
| 902 | _aGFM | ||
| 942 |
_2lcc _cB |
||
| 999 |
_c6377 _d6377 |
||